000 01014cam a22002174a 4500
005 20250605163610.0
008 250528s ||||||||||||||||||||||||d
035 _a22493
020 _a9789603930228
040 _aGR-AtMCL
_bgre
_dGR-AtMCL
_eAACR2
245 1 _aΤΟ ΙΧΝΟΓΡΑΦΗΜΑ ΤΟΥ ΠΑΙΔΙΟΥ
250 _a1
260 _bΕλληνικά Γράμματα,
_c2000
300 _a183
505 0 _aΓΕΝΙΚΟ ΕΝΝΟΙΟΛΟΓΙΚΟ ΠΛΑΙΣΙΟ Η ΕΝΟΤΗΤΑ ΑΝΘΡΩΠΟΣ Η ΕΝΟΤΗΤΑ ΦΥΣΗ Η ΕΡΜΗΝΕΙΑ ΤΑ ΔΙΑΓΝΩΣΤΙΚΑ ΙΧΝΟΓΡΑΦΙΚΑ ΜΕΣΑ ΒΑΣΙΚΕΣ ΣΥΓΚΡΙΣΕΙΣ
520 _aΓΕΝΙΚΟ ΕΝΝΟΙΟΛΟΓΙΚΟ ΠΛΑΙΣΙΟ Η ΕΝΟΤΗΤΑ ΑΝΘΡΩΠΟΣ Η ΕΝΟΤΗΤΑ ΦΥΣΗ Η ΕΡΜΗΝΕΙΑ ΤΑ ΔΙΑΓΝΩΣΤΙΚΑ ΙΧΝΟΓΡΑΦΙΚΑ ΜΕΣΑ ΒΑΣΙΚΕΣ ΣΥΓΚΡΙΣΕΙΣ
700 1 _aΜπελλας Θρασυβουλος
942 _cBK
999 _c7545
_d7545